| 000 | 00684nam a2200217Ia 4500 | ||
|---|---|---|---|
| 003 | GCL | ||
| 008 | 140319s9999 xx 000 0 ara d | ||
| 040 |
_aGCL / _cGCL |
||
| 082 | 0 | 4 |
_a913.3 _bم ر |
| 100 | 1 | _aمحمد مؤنس احمد عوض | |
| 245 | 1 | 0 |
_aالرحالة الاوربيون فى مملكة بيت المقدس الصليبية 1099 - 1187 ميلادية / _cمحمد مؤنس احمد عوض |
| 260 |
_a[S.N] : _bمكتبة مدبولى ، _c1992 |
||
| 300 | _a345 ص | ||
| 490 | _a | ||
| 650 | 0 | 4 | _aالصليبيون |
| 650 | 0 | 4 | _aالرحلات |
| 650 | 0 | 4 | _aالقدس |
| 650 | 0 | 4 | _aالرحالة |
| 650 | 0 | 4 | _aالمستكشفون |
| 942 |
_2ddc _cBK |
||
| 999 |
_c28802 _d28802 |
||